Normal view MARC view

Entry Personal Name

Number of records used in: 2

001 - CONTROL NUMBER

  • control field: 556284

003 - CONTROL NUMBER IDENTIFIER

  • control field: OSt

005 - DATE AND TIME OF LATEST TRANSACTION

  • control field: 20220930094802.0

008 - FIXED-LENGTH DATA ELEMENTS

  • fixed length control field: 220930|| aca||aabn | a|a d

040 ## - CATALOGING SOURCE

  • Original cataloging agency: OSt
  • Transcribing agency: OSt

100 ## - HEADING--PERSONAL NAME

  • Personal name: प्रो. कैलाश नारायण तिवारी, गा

670 ## - SOURCE DATA FOUND

  • Source citation: Work cat.: (OSt)887681: शाव, अमरदीप, रेहन पर रग्घू उपन्यास में चित्रित ग्रामीण मध्यवर्गीय जीवन का यथार्थ, 2013
Copyright @ Delhi University Library System